Are these footballers younger than 21 - Statistics

General Stats
  • This quiz has been taken 80 times
  • The average score is 5 of 8
Answers on the Grid
Answers color-coded by a green-red scale on the quiz's grid according to % correct below.
Alejandro Garnacho
Arda Güler
Bukayo Saka
Cole Palmer
Erling Haaland
Gavi
Jobe Bellingham
Kenan Yildiz
Khvicha Kvaratskhelia
Lamine Yamal
Nicolas Jackson
Pau Cubarsi
Phil Foden
Rico Lewis
Rodyrgo
Warren Zaïre-Emery
 
Answer Stats
Answer % Correct
Lamine Yamal
85%
Arda Güler
77%
Gavi
62%
Jobe Bellingham
62%
Kenan Yildiz
62%
Warren Zaïre-Emery
62%
Pau Cubarsi
54%
Rico Lewis
54%
No matching quizzes found
Score Distribution
Percent of People with Each Score
Percentile by Number Answered
Your Score History
You have not taken this quiz